Face Recognition System / (Record no. 188982)

000 -LEADER
fixed length control field 00796 a2200193 4500
003 - CONTROL NUMBER IDENTIFIER
control field NUST
005 - DATE AND TIME OF LATEST TRANSACTION
control field 20251124181138.0
040 ## - CATALOGING SOURCE
Transcribing agency Nust
082 ## - DEWEY DECIMAL CLASSIFICATION NUMBER
Classification number 621.382,ATI
100 ## - MAIN ENTRY--PERSONAL NAME
Personal name Capt. Atif (TCC-19/TE-44)
9 (RLIN) 131482
245 ## - TITLE STATEMENT
Title Face Recognition System /
Statement of responsibility, etc. Capt. Atif, CSUO Junayed, CJUO Arslan & GC Junaid
260 ## - PUBLICATION, DISTRIBUTION, ETC.
Place of publication, distribution, etc. Rawalpindi
Name of publisher, distributor, etc. MCS (NUST)
Date of publication, distribution, etc. July 2011
300 ## - PHYSICAL DESCRIPTION
Extent xi,67 p.;
505 ## - FORMATTED CONTENTS NOTE
Formatted contents note Introduction (Page-1), Background (Page-2), Digital Image Processing (Page-12), System Overview (Page-23), Environment (Page-29), System Implementation (Page-31), application and Scope (Page-46), Extension and Conclusion (Page-46), Bibliography (Page-48).
650 ## - SUBJECT ADDED ENTRY--TOPICAL TERM
Topical term or geographic name entry element UG Projects
9 (RLIN) 98716
651 ## - SUBJECT ADDED ENTRY--GEOGRAPHIC NAME
Geographic name TCC-19/TE-44
9 (RLIN) 131483
700 ## - ADDED ENTRY--PERSONAL NAME
Personal name Supervised by Dr. Adil Masood
9 (RLIN) 132048
942 ## - ADDED ENTRY ELEMENTS (KOHA)
Koha item type Project Report
Source of classification or shelving scheme
Holdings
Withdrawn status Lost status Source of classification or shelving scheme Damaged status Not for loan Permanent Location Current Location Shelving location Date acquired Full call number Barcode Date last seen Price effective from Koha item type Public note
          Military College of Signals (MCS) Military College of Signals (MCS) Reference 12/12/2016 621.382, ATI MCSPTC-137 12/08/2016 12/12/2016 Project Report Almirah No. 94, Shelf No. 3
          Military College of Signals (MCS) Military College of Signals (MCS) Reference 12/12/2016 621.382, ATI MCSPTE-196 12/08/2016 12/12/2016 Project Report  
© 2023 Central Library, National University of Sciences and Technology. All Rights Reserved.